header

Aid volatility and Dutch disease (Record no. 207092)

MARC details
000 -LEADER
fixed length control field 01398nam a2200325Ia 4500
100 1# - MAIN ENTRY--AUTHOR NAME
Personal name Prati, Alessandro,
245 10 - TITLE STATEMENT
Title Aid volatility and Dutch disease
260 ## - PUBLICATION, DISTRIBUTION, ETC. (IMPRINT)
Place of publication Washington, D.C. :
Name of publisher International Monetary Fund, Research Dept.,
Year of publication c2006.
300 ## - PHYSICAL DESCRIPTION
Number of Pages 63 p. :
Other physical details ill.
490 1# - SERIES STATEMENT
Series statement IMF working paper ;
500 ## - GENERAL NOTE
General note "June 2006."
650 #0 - SUBJECT ADDED ENTRY--TOPICAL TERM
Topical Term Economic assistance
Topical Term Economic policy
700 1# - ADDED ENTRY--PERSONAL NAME
Personal name Tressel, Thierry.
856 40 - ELECTRONIC LOCATION AND ACCESS
Uniform Resource Identifier http://site.ebrary.com/lib/rucke/Doc?id=10380884

No items available.

© 2026 Rongo University
Contact us: librarian | system librarian | Rongo university